| 000 | 00591nam a22001937a 4500 | ||
|---|---|---|---|
| 005 | 20251108173250.0 | ||
| 008 | 250721s2005 xx 000 0 ara d | ||
| 082 | 1 | 4 | _a658.404/فضل |
| 100 | 1 | _aالفضل، مؤيد | |
| 245 | 1 | 0 | _aإدارة المشاريع : منهج كمي / |
| 264 | 1 |
_aعمان : _bمؤسسة الوراق للنشر و التوزيع، _c2005. |
|
| 300 | _a376ص | ||
| 650 | 1 | 7 | _aإدارة المشروع |
| 650 | 1 | 7 | _aتنفيذ المشاريع |
| 650 | 1 | 7 | _aالإدارة |
| 700 | 1 | _aالعبيدي، محمود | |
| 942 |
_2ddc _cBK |
||
| 999 |
_c99869 _d99869 |
||